Understanding population and development : (Record no. 25558)
[ view plain ]
| 000 -LEADER | |
|---|---|
| fixed length control field | 00688nam a22002537a 4500 |
| 003 - CONTROL NUMBER IDENTIFIER | |
| control field | DEla salle |
| 005 - DATE AND TIME OF LATEST TRANSACTION | |
| control field | 20140310183628.0 |
| 008 - FIXED-LENGTH DATA ELEMENTS--GENERAL INFORMATION | |
| fixed length control field | 130212t xxu||||| |||| 00| 0 eng d |
| 050 ## - LIBRARY OF CONGRESS CALL NUMBER | |
| Classification number | HB 3649 |
| Item number | .T57 1999 |
| 100 ## - MAIN ENTRY--PERSONAL NAME | |
| Personal name | Tirol, Vicente G. |
| 245 ## - TITLE STATEMENT | |
| Title | Understanding population and development : |
| Remainder of title | a guide for media / |
| Statement of responsibility, etc | Vicente G. Tirol. |
| 260 ## - PUBLICATION, DISTRIBUTION, ETC. (IMPRINT) | |
| Place of publication, distribution, etc | Quezon City ; |
| Name of publisher, distributor, etc | Center for Media Freedom & Responsibility, |
| Date of publication, distribution, etc | 1999. |
| 300 ## - PHYSICAL DESCRIPTION | |
| Extent | 26 p. : |
| Dimensions | 23 cm. |
| Other physical details | ill. ; |
| 521 ## - TARGET AUDIENCE NOTE | |
| Target audience note | |
| 562 ## - COPY AND VERSION IDENTIFICATION NOTE | |
| Number of copies | 6 |
| 650 ## - SUBJECT ADDED ENTRY--TOPICAL TERM | |
| Topical term or geographic name as entry element | Population. |
| General subdivision | Philippines |
| 942 ## - ADDED ENTRY ELEMENTS (KOHA) | |
| Source of classification or shelving scheme | Library of Congress Classification |
| Koha item type | Books |
| Call number prefix | Local |
| Withdrawn status | Lost status | Source of classification or shelving scheme | Damaged status | Home library | Current library | Shelving location | Date acquired | Total Checkouts | Full call number | Barcode | Date last seen | Copy number | Price effective from | Koha item type | Source of acquisition |
|---|---|---|---|---|---|---|---|---|---|---|---|---|---|---|---|
| Library of Congress Classification | Archives | Archives | 11/12/2013 | HB 3649 .T57 1999 | C8519 | 05/15/2018 | 2 | 11/12/2013 | Books | Donation | |||||
| Library of Congress Classification | Archives | Archives | 11/12/2013 | HB 3649 .T57 1999 | C8518 | 05/15/2018 | 4 | 11/12/2013 | Books | Donation | |||||
| Library of Congress Classification | Archives | Archives | 11/12/2013 | HB 3649 .T57 1999 | C6385 | 05/15/2018 | 5 | 11/12/2013 | Books | Donation | |||||
| Library of Congress Classification | College Library | College Library | General Circulation Section | 11/12/2013 | HB 3649 .T57 1999 | C8517 | 05/15/2018 | 1 | 02/12/2013 | Books | |||||
| Library of Congress Classification | College Library | College Library | General Circulation Section | 11/12/2013 | HB 3649 .T57 1999 | C6384 | 05/15/2018 | 3 | 11/12/2013 | Books | |||||
| Library of Congress Classification | College Library | College Library | General Circulation Section | 11/12/2013 | HB 3649 .T57 1999 | C6383 | 05/15/2018 | 6 | 11/12/2013 | Books |